Doctrine of 'Rebus Sic Stantibus' and its application to treaties (Record no. 502077)

000 -LEADER
fixed length control field 00449cam a22001337a 4500
008 - FIXED-LENGTH DATA ELEMENTS--GENERAL INFORMATION
fixed length control field 180718b1959 xxu||||| |||| 00| 0 eng d
082 ## - DEWEY DECIMAL CLASSIFICATION NUMBER
Classification number D2 R141
100 ## - MAIN ENTRY--PERSONAL NAME
Personal name Raman, Venkata K.
245 ## - TITLE STATEMENT
Title Doctrine of 'Rebus Sic Stantibus' and its application to treaties
Statement of responsibility, etc. by K. Venkata Raman
260 ## - PUBLICATION, DISTRIBUTION, ETC.
Place of publication, distribution, etc. Hyderabad
Name of publisher, distributor, etc. Supreme Court Journal
Date of publication, distribution, etc. 1959
300 ## - PHYSICAL DESCRIPTION
Extent 36p.
500 ## - GENERAL NOTE
General note Reprinted from the Supreme Court Journal August 1959
650 ## - SUBJECT ADDED ENTRY--TOPICAL TERM
Topical term or geographic name entry element International law
Holdings
Withdrawn status Lost status Damaged status Not for loan Permanent Location Current Location Date acquired Full call number Barcode Date last seen Price effective from Koha item type
        Indian Institute of Public Administration Indian Institute of Public Administration 2018-08-04 D2 R141 GR5560 2018-08-04 2018-08-04 GR
        Indian Institute of Public Administration Indian Institute of Public Administration 2018-08-04 D2 R141 GR5532 2018-08-04 2018-08-04 GR

Powered by Koha